ՀՀ Գիտությունների ազգային ակադեմիայի հիմնարար գիտական գրադարան  =   Fundamental Scientific Library of NAS RA

Развитие крупной промышленности в Англии : (Record no. 533995)

MARC details
000 -LEADER
fixed length control field 01006nam a2200217 a 4500
001 - CONTROL NUMBER
control field 001134271
003 - CONTROL NUMBER IDENTIFIER
control field AM-YeHGA
005 - DATE AND TIME OF LATEST TRANSACTION
control field 20250825131334.0
008 - FIXED-LENGTH DATA ELEMENTS--GENERAL INFORMATION
fixed length control field 160310s1899 ru r 000 0 rus d
040 ## - CATALOGING SOURCE
Original cataloging agency AM-YeHGA
041 1# - LANGUAGE CODE
Language code of text/sound track or separate title rus
Language code of original ger
100 1# - MAIN ENTRY--PERSONAL NAME
Personal name Гельд, Адольф,
Dates associated with a name 1844-1880
245 10 - TITLE STATEMENT
Title Развитие крупной промышленности в Англии :
Remainder of title С приложением лекции А. Гельда "Ремесло и крупная промышленность" /
Statement of responsibility, etc. А. Гельд; Предисл.: Г.Ф. Кнапп; Пер. с нем. Н.С. Т-ва.
260 ## - PUBLICATION, DISTRIBUTION, ETC.
Place of publication, distribution, etc. С.-Петербург :
Name of publisher, distributor, etc. Тип. Пороховщикова,
Date of publication, distribution, etc. 1899.
300 ## - PHYSICAL DESCRIPTION
Extent VIII, 364 c. ;
Dimensions 20 см.
650 14 - SUBJECT ADDED ENTRY--TOPICAL TERM
Topical term or geographic name entry element Промышленность
Geographic subdivision Англия
650 14 - SUBJECT ADDED ENTRY--TOPICAL TERM
Topical term or geographic name entry element Фабричная промышленность
Geographic subdivision Англия
700 1# - ADDED ENTRY--PERSONAL NAME
Personal name Кнапп, Георг Фридрих
Relator term авт. предисл.
Relationship aui
700 1# - ADDED ENTRY--PERSONAL NAME
Personal name Т-в, Н.С.
Relator term пер.
Relationship trl
942 ## - ADDED ENTRY ELEMENTS (KOHA)
Source of classification or shelving scheme Universal Decimal Classification
Koha item type Գրքեր / Books
Holdings
Withdrawn status Lost status Damaged status Not for loan Collection Home library Current library Date acquired Total checkouts Full call number Barcode Date last seen Price effective from Koha item type Public note
        Kusikian Individual Collection Fundamental Scientific Library Fundamental Scientific Library 17/04/2025   Кус/2538 FL0690439 17/04/2025 17/04/2025 Գրքեր / Books ILL Non-Circ.


ՀՀ ԳԱԱ հիմնարար գիտական գրադարան
ՀՀ,Երևան 0019
Մարշալ Բաղրամյան 24/6
հեռախոս:(374-10) 52-47-50
Հետադարձ կապ

All site content, except where otherwise noted, is licensed under a
Creative Commons License